Návrh metodiky tvorby kompetenčného modelu zamestnancov priemyselných podnikov na Slovensku s využitím metódy AHP v kontexte s udržateľným rozvojom

Saved in:
Bibliographic Details
Main Author: Jurík, Lukáš, 1989- (Author)
Other Authors: Sakál, Peter, 1951- (Thesis advisor)
Format: Manuscript Book
Language:Slovak
Published: 2017
Subjects:
Online Access:http://is.stuba.sk/zp/portal_zp.pl?podrobnosti=132564
Tags: Add Tag
No Tags, Be the first to tag this record!

MARC

LEADER 00000ntm a22000003a 4500
001 stuzp57025
003 SK-STU
005 20220216175554.7
007 ta
008 150427s2015----xo-----f-mn---000-0-slo-d
040 |a STU  |b slo 
041 0 |a slo 
044 |a xo 
100 1 |a Jurík, Lukáš,  |d 1989-  |u 064000  |r Z1  |4 aut  |9 100  |U MTF Materiálovotechnologická fakulta  |T MTF Ústav priemyselného inžinierstva a manažmentu  |X 57263  |U M4000  |Y 84  |7 A000057263 
242 0 1 |a Methodology proposal of Slovak industrial enterprise employees' competency model utilising AHP method in the Sustainable Development context  |y eng 
245 1 0 |a Návrh metodiky tvorby kompetenčného modelu zamestnancov priemyselných podnikov na Slovensku s využitím metódy AHP v kontexte s udržateľným rozvojom 
260 |c 2017 
300 |a 166  |e príloha 
650 4 |a kompetencie  |2 slo 
650 4 |a kompetenčný model  |2 slo 
650 4 |a analytický hierarchický proces  |2 slo 
650 4 |a udržateľný rozvoj  |2 slo 
650 4 |a competencies  |2 eng 
650 4 |a competency model  |2 eng 
650 4 |a Analytic Hierarchy Process  |2 eng 
650 4 |a Sustainable Development  |2 eng 
700 1 |a Sakál, Peter,  |d 1951-  |u 064000  |k Z1  |4 ths  |U MTF Materiálovotechnologická fakulta  |T MTF Ústav priemyselného inžinierstva a manažmentu  |X 325  |U M4000  |Y 84  |7 A000000325 
856 4 |u http://is.stuba.sk/zp/portal_zp.pl?podrobnosti=132564 
996 |b .  |c M* DzP-613  |l MMSKP  |s P  |a 0  |w stuzp57025_0001